| 000 | 05570cam a22012974i 4500 | ||
|---|---|---|---|
| 003 | PE-LiUPU | ||
| 005 | 20250813185431.0 | ||
| 008 | 190806s2018 ck r 000 0 spa d | ||
| 020 | _a9587716167 | ||
| 020 | _a9789587716160 | ||
| 035 | _a(Sirsi) a252396 | ||
| 040 |
_aPE-LiUPU _bspa _cPE-LiUPU _erda |
||
| 049 | _aPRUA | ||
| 082 | 0 | 4 |
_a302 _P8 _223 |
| 245 | 0 | 0 |
_aPsicología social y política : _bprocesos teóricos y estudios aplicados / _ccoordinadores, Elena M. Zubieta, José F. Valencia y Gisela I. Delfino. |
| 264 | 1 |
_aBogotá : _bEcoe Edciiones, _c2018. |
|
| 300 |
_axiii, 512 páginas ; _c24 centímetros. |
||
| 336 |
_atext _2rdacontent |
||
| 337 |
_aunmediated _2rdamedia |
||
| 338 |
_avolume _2rdacarrier |
||
| 490 | 0 | _aCiencias Humanas. Psicología | |
| 505 | 0 | _aProcesos teóricos de la psicología social a la psicología política: el abordaje societal -- La política del esencialismo psicológico: construcción y deconstrucción de la identidad social y los estereotipos -- Dinámicas sociales y formas del miedo -- La corrupción endémica en un país prebendario: un intento de construcción teórica -- Bases culturales y dinámicas de los conflictos intratables: un enfoque socio-psicológico -- Culturas de paz y el clima emocional de las sociedades -- La razón compasiva y la acción como ideología: una nueva mirada a la psicología de la liberación -- Los procesos de reconciliación en sociedades post conflicto: las actividades de justicia transicional como rituales -- participación política -- Liderazgo político -- Opinión pública y medios de comunicación de masas -- Anomia, bienestar, percepción de control y confianza institucional -- Experiencias y significados de la corrupción: la construcción social de la trama corrupta en la salud -- Estereotipos raciales, racismo y discriminación en américa latina -- La orientación de dominancia social y la ampliación de los derechos a los inmigrantes: el rol mediador de las ideologías sociales -- Las nuevas formas del prejuicio: sexismo, dominancia y valores en una institución de formación militar -- Difusión de significados y mass media: un estudio sobre las dinámicas de la distribución de la ley de igualdad de género en periódicos -- 11 de septiembre de 2001: efectos sobre los contenidos semánticos de las representaciones sociales de la inseguridad -- Representaciones sociales y paz: sobre las dinámicas del significado compartido de la paz y los posicionamientos políticos en el País Vasco -- La memoria histórica del régimen militar en Brasil (1964-1985) -- Memoria de bronce, memoria de caucho: una mirada psicosocial de las representaciones de la acción colonial belga en el Congo -- Memoria colectiva y representaciones sociales de la historia. Estudio preliminar con estudiantes universitarios argentinos -- Evaluación del impacto psicosocial de las comisiones chilenas de verdad y reconciliación y prisión política y tortura -- Participación de movilización pacífica: aprobación y eficacia atribuida como factores predictivos -- El papel de los medios en la construcción de las categorías cognitivas de análisis político. Un estudio de caso de la privatización de las telecomunicaciones en la Argentina. | |
| 526 | _aP202 | ||
| 526 | _aP201 | ||
| 526 | _aP163 | ||
| 526 | _aP162 | ||
| 526 | _aP161 | ||
| 526 | _aP160 | ||
| 526 | _aP148 | ||
| 526 | _aP147 | ||
| 526 | _aP146 | ||
| 526 | _aP145 | ||
| 526 | _aP144 | ||
| 526 | _aP143 | ||
| 526 | _aP142 | ||
| 526 | _aP141 | ||
| 526 | _aP140 | ||
| 526 | _aP139 | ||
| 526 | _aP138 | ||
| 526 | _aP137 | ||
| 526 | _aP136 | ||
| 526 | _aP135 | ||
| 526 | _aP134 | ||
| 526 | _aP133 | ||
| 526 | _aP129 | ||
| 526 | _aP128 | ||
| 526 | _aP127 | ||
| 526 | _aP120 | ||
| 526 | _aP119 | ||
| 526 | _aP118 | ||
| 526 | _aP116 | ||
| 526 | _aP115 | ||
| 526 | _aP114 | ||
| 526 | _aP110 | ||
| 526 | _aP109 | ||
| 526 | _aP108 | ||
| 526 | _aP104 | ||
| 526 | _aP103 | ||
| 526 | _aP102 | ||
| 526 | _aP99 | ||
| 526 | _aP98 | ||
| 526 | _aP97 | ||
| 526 | _aP96 | ||
| 526 | _aP95 | ||
| 526 | _aP93 | ||
| 526 | _aP90 | ||
| 526 | _aP89 | ||
| 526 | _aP88 | ||
| 526 | _aP83 | ||
| 526 | _aP82 | ||
| 526 | _aP62 | ||
| 526 | _aP59 | ||
| 526 | _aP58 | ||
| 526 | _aP57 | ||
| 526 | _aP51 | ||
| 526 | _aP49 | ||
| 526 | _aP48 | ||
| 526 | _aP47 | ||
| 526 | _aP29 | ||
| 526 | _aP24 | ||
| 526 | _aP20 | ||
| 526 | _aP19 | ||
| 526 | _aP17 | ||
| 526 | _aP15 | ||
| 526 | _aP14 | ||
| 526 | _aP12 | ||
| 526 | _aP10 | ||
| 526 | _aP09 | ||
| 526 | _aP08 | ||
| 526 | _aP07 | ||
| 526 | _aP06 | ||
| 526 | _aP05 | ||
| 526 | _aP04 | ||
| 526 | _aP01 | ||
| 541 | _g002-00001573; | ||
| 650 | 0 | 4 |
_aPsicología social. _91880 |
| 650 | 0 | 4 | _aMiedo. |
| 650 | 0 | 4 | _aPsicología política. |
| 650 | 0 | 4 | _aIdeología. |
| 650 | 0 | 4 | _aJusticia transicional. |
| 650 | 0 | 4 |
_aOpinión pública. _93911 |
| 650 | 0 | 7 |
_aPrivatización _zArgentina. |
| 700 | 1 |
_aZubieta, Elena N., _ecoordinadora. |
|
| 700 | 1 |
_aValencia Grajales, José F., _ecoordinador. |
|
| 700 | 1 |
_aDelfino, Gisela Isabel, _ecoordinadora. |
|
| 910 |
_abrg _bksl _cksl _d20190806 |
||
| 942 |
_2ddc _cBOOK |
||
| 994 |
_aC0 _bPEPRU |
||
| 596 | _a1 | ||
| 999 |
_a302 P8 _wDEWEY _c31619 _i80494 _d31619 _f2021-11-3 _g3 _lCCODEBUL1 _mBUL _p35.55 _q1 _r0 _sY _tBOOK _u2019-8-6 _xSALUD _zP33 _0COMPRA _1FCOMPR3 _o.STAFF. Colección Ciencias de la Salud |
||
| 980 |
_81 _gALBERTO SANCHEZ Responsable de Automatización |
||